<?xml version="1.0" encoding="UTF-8"?>
<collection xmlns="http://www.loc.gov/MARC21/slim">
 <record>
  <leader>02561nam a2200217Ia 4500</leader>
  <controlfield tag="001">CTU_238995</controlfield>
  <controlfield tag="008">210402s9999    xx            000 0 und d</controlfield>
  <datafield tag="082" ind1=" " ind2=" ">
   <subfield code="a">420.7</subfield>
  </datafield>
  <datafield tag="082" ind1=" " ind2=" ">
   <subfield code="b">Ng121</subfield>
  </datafield>
  <datafield tag="088" ind1=" " ind2=" ">
   <subfield code="a">8140111</subfield>
  </datafield>
  <datafield tag="100" ind1=" " ind2=" ">
   <subfield code="a">Trần, Kim Ngân</subfield>
  </datafield>
  <datafield tag="245" ind1=" " ind2="0">
   <subfield code="a">Teachers' perception about oral corrective feedback in EFL speaking classes:  A case at colleges in the Mekong Delta :</subfield>
  </datafield>
  <datafield tag="245" ind1=" " ind2="0">
   <subfield code="b">Master of education program: Principles and methods in English language education</subfield>
  </datafield>
  <datafield tag="245" ind1=" " ind2="0">
   <subfield code="c">Trần Kim Ngân ; Nguyễn Trung Cang (Supervisor)</subfield>
  </datafield>
  <datafield tag="260" ind1=" " ind2=" ">
   <subfield code="a">Cần Thơ</subfield>
  </datafield>
  <datafield tag="260" ind1=" " ind2=" ">
   <subfield code="b">Trường Đại học Cần Thơ</subfield>
  </datafield>
  <datafield tag="260" ind1=" " ind2=" ">
   <subfield code="c">2020</subfield>
  </datafield>
  <datafield tag="520" ind1=" " ind2=" ">
   <subfield code="a">Corrective feedback has been discussed mainly in second language acquisition contexts, but few have been done regarding corrective feedback in foreign language settings, including English. The present study examined teachers’ perceptions towards English corrective feedback in the context of English as a Foreign Language at some colleges in a local province of Vietnam. Furthermore, this thesis also identified the corrective feedback types used by the EFL college teachers. The questionnaire, interviews and classroom observations were used to collect the data. The major finding from the data on teachers’ perceptions indicated that teachers in general had a positive perception or attitude towards English oral corrective feedback. However, some considered it as optional since they were concerned with learners’ reactions and feelings when provided corrective feedback. A second major finding of the study was that elicitation was the most frequent type and metalinguistic feedback was favored next by the majority of the participants. These two types of oral corrective feedback were most frequently used. The next finding from this current research was the highlights of advantages and disadvantages which oral corrective feedback brought to a speaking class such as developing critical thinking abilities and destroying the self-esteem, inhibiting college students to develop their language in a natural way. The current study has provided insights into how English teachers might attend to their learners’ English learning needs, particularly by extending teachers’ use of oral corrective feedback. Pedagogical implications are made for further investigation into the use of oral corrective feedback in teaching EFL students.</subfield>
  </datafield>
  <datafield tag="650" ind1=" " ind2=" ">
   <subfield code="a">English language,Anh ngữ</subfield>
  </datafield>
  <datafield tag="650" ind1=" " ind2=" ">
   <subfield code="x">Study and teaching,Dạy và học</subfield>
  </datafield>
  <datafield tag="980" ind1=" " ind2=" ">
   <subfield code="a">Trung tâm Học liệu Trường Đại học Cần Thơ</subfield>
  </datafield>
 </record>
</collection>
